[Event "XIV ch-Gdansk Int 2012"]
[Site "Gdansk POL"]
[Date "2012.07.29"]
[Round "9.19"]
[White "Keely,L"]
[Black "Szymanowski,M"]
[Result "0-1"]
[WhiteElo "1949"]
[BlackElo "1833"]

1.d4 Nf6 2.Bg5 d5 3.Bxf6 exf6 4.e3 Bd6 5.c4 dxc4 6.Bxc4 O-O 7.Qh5 c6 8.Ne2 Be6
9.Bd3 g6 10.Qh6 f5 11.Nf4 Bxf4 12.Qxf4 c5 13.O-O cxd4 14.exd4 Nc6 15.Rd1 Qxd4
16.Qxd4 Nxd4 17.Nc3 Rfd8 18.Nb5 Nxb5 19.Bxb5 Rac8 20.h4 a6 21.Bd3 Rd4 22.h5 Kg7
23.hxg6 fxg6 24.b3 Rcd8 25.Be2 Rxd1+ 26.Rxd1 Rxd1+ 27.Bxd1 Bd5 28.f3 Kf6
29.Kf2 f4 30.Ke2 Ke5 31.Kd3 g5 32.a3 h5 33.b4 b5 34.Ke2 Kd4 35.Bc2 Bc4+ 36.Kf2 Kc3
37.Be4 Kb3 38.Bb7 Kxa3 39.Bxa6 Kxb4 40.g3 Kc3 41.gxf4 gxf4 42.Kg2 b4 43.Bb7 b3
44.Be4 Bd3 45.Bd5 b2 46.Ba2 Kb4 47.Kh3 Ka3 48.Bb1 Bxb1 49.Kh4 Bd3 50.Kxh5 b1=Q
51.Kg5 Qb5+ 52.Kxf4 Be2  0-1

[Event "Politiken Cup 2012"]
[Site "Helsingor DEN"]
[Date "2012.07.29"]
[Round "2.7"]
[White "Nielsen,Mi2"]
[Black "L'Ami,E"]
[Result "0-1"]
[WhiteElo "2127"]
[BlackElo "2615"]

1.d4 Nf6 2.Bg5 c5 3.Bxf6 gxf6 4.d5 Qb6 5.Qc1 f5 6.c4 Bg7 7.Nc3 d6 8.e3 Nd7
9.Qc2 Qa5 10.Nf3 Ne5 11.Nxe5 dxe5 12.O-O-O Bd7 13.Be2 a6 14.g4 e4 15.gxf5 Bxf5
16.Qa4+ Qxa4 17.Nxa4 Rc8 18.Rhg1 Be5 19.Rg5 e6 20.dxe6 fxe6 21.Rdg1 Ke7 22.Nb6 Rcf8
23.Rd1 Rd8 24.Rgg1 Rd6 25.Rxd6 Kxd6 26.f4 exf3 27.Bxf3 Kc7 28.Na4 b6 29.h4 Bd3
30.Rg5 Bf6 31.Rg4 Rf8 32.Be4 h5 33.Rf4 Bxb2+ 34.Nxb2 Rxf4 35.Bxd3 Rxh4 36.Be2 Rh1+
37.Kd2 h4 38.Nd3 Rg1 39.Nf4 Kd6 40.Bf3 Ra1 41.Bg4 Rxa2+ 42.Kd3 e5  0-1

[Event "99th ch-GBR 2012"]
[Site "North Shields ENG"]
[Date "2012.07.30"]
[Round "7.13"]
[White "Palliser,R"]
[Black "Sugden,J"]
[Result "1-0"]
[WhiteElo "2482"]
[BlackElo "2142"]

1.d4 Nf6 2.Bg5 c5 3.Bxf6 gxf6 4.d5 d6 5.e3 f5 6.Bb5+ Nd7 7.Nd2 Bg7 8.c3 Qb6
9.a4 O-O 10.Nc4 Qc7 11.a5 Ne5 12.Ne2 Nxc4 13.Bxc4 e5 14.O-O Qe7 15.f4 e4
16.Ng3 Bd7 17.Qe2 Rad8 18.Bb5 Bc8 19.a6 b6 20.Ra3 Kh8 21.b4 Rg8 22.Rd1 Bf8
23.Nf1 Rg6 24.Nd2 Bh6 25.Rf1 Rdg8 26.Rf2 Bg7 27.Nc4 Bf6 28.Kf1 Qc7 29.Bc6 Bh4
30.g3 Bd8 31.Ra2 Qe7 32.Na3 Rg4 33.Rg2 Qf6 34.Nb5 Qe7 35.Qd1 R4g6 36.Bb7 Bxb7
37.axb7 Bc7 38.Nxa7 Bb8 39.Nc6 Qxb7 40.Qh5 Rf6 41.g4 fxg4 42.Rxg4 Rfg6 43.h3 Qd7
44.f5 Rxg4 45.hxg4 f6 46.Qh6 Qf7 47.Ra8 Bc7 48.Rxg8+ Kxg8 49.b5 Qg7 50.Qf4  1-0

[Event "99th ch-GBR 2012"]
[Site "North Shields ENG"]
[Date "2012.08.01"]
[Round "9.2"]
[White "Turner,Ma"]
[Black "Gordon,S"]
[Result "0-1"]
[WhiteElo "2508"]
[BlackElo "2539"]

1.d4 Nf6 2.Bg5 d5 3.e3 Ne4 4.Bf4 c5 5.Bd3 Nf6 6.dxc5 Nc6 7.Bb5 Qa5+ 8.Nc3 a6
9.Bxc6+ bxc6 10.Ne2 Qxc5 11.O-O e6 12.a3 Be7 13.Na4 Qa7 14.c4 O-O 15.Rc1 Bd7
16.cxd5 Nxd5 17.Be5 c5 18.Nf4 Rfd8 19.Nxd5 exd5 20.b4 f6 21.Bf4 Bb5 22.Re1 c4
23.Nc3 Qb7 24.Qg4 Be8 25.e4 dxe4 26.Nxe4 Rac8 27.Ng3 Bf8 28.Be3 c3 29.Ne4 f5
30.Qxf5 Bg6 31.Qe6+ Bf7 32.Qg4 Rc4 33.f3 c2 34.Bc5 Bxc5+ 35.bxc5 Qb2 36.Qg5 Qd4+
37.Kh1 h6 38.Qf5 Qd1 39.Nd6 Rxd6 40.cxd6 Qxe1+ 41.Rxe1 c1=Q 42.Qe5 Qd2 43.h3 Rc6  0-1

[Event "99th ch-GBR 2012"]
[Site "North Shields ENG"]
[Date "2012.08.01"]
[Round "9.24"]
[White "Ledger,S"]
[Black "Mason,D"]
[Result "0-1"]
[WhiteElo "2089"]
[BlackElo "2244"]

1.d4 Nf6 2.Bg5 c5 3.d5 Qb6 4.Nc3 Qxb2 5.Bd2 Qb6 6.e4 d6 7.f4 e5 8.Rb1 Qd8
9.Nf3 Nbd7 10.fxe5 Nxe5 11.Nxe5 dxe5 12.Bc4 a6 13.Bg5 b5 14.Be2 h6 15.Bxf6 Qxf6
16.Bf3 Bd6 17.O-O Qg5 18.Qe2 Bd7 19.Nd1 c4 20.a4 O-O 21.axb5 axb5 22.Kh1 Bc5
23.Nf2 Ra3  0-1

[Event "99th ch-GBR 2012"]
[Site "North Shields ENG"]
[Date "2012.08.01"]
[Round "9.15"]
[White "Wall,T"]
[Black "Sugden,J"]
[Result "0-1"]
[WhiteElo "2347"]
[BlackElo "2142"]

1.d4 Nf6 2.Bg5 d5 3.Bxf6 exf6 4.e3 c6 5.c4 Bb4+ 6.Nc3 O-O 7.Qb3 Bxc3+ 8.Qxc3 Bf5
9.Ne2 Re8 10.Nf4 Qd6 11.Be2 dxc4 12.Qxc4 Nd7 13.O-O c5 14.Rfd1 Rac8 15.dxc5 Qxc5
16.Qxc5 Nxc5 17.h3 Kf8 18.Nd5 Be6 19.Nc3 a6 20.Rac1 Red8 21.Kf1 Ke7 22.Rd4 Rxd4
23.exd4 Na4 24.Bf3 Nxb2 25.Bxb7 Bc4+ 26.Kg1 Rb8 27.Be4 Bd3 28.Bf3 Nc4 29.Nd5+ Kd7
30.Nf4 Nb2 31.Bg4+ Kd6 32.Bf3 Bc4 33.a4 a5 34.Nh5 Rb4 35.Nxg7 Nxa4 36.Nf5+ Kd7
37.Ne3 Nb6 38.d5 a4 39.Bg4+ Kd6 40.Nf5+ Kxd5 41.Ne3+ Kc5 42.Bf5 h6 43.Ng4 a3
44.Nxh6 a2 45.Ng4 Nd5 46.Ne3 Nxe3 47.fxe3 Ra4 48.Ra1 Rb4 49.Kf2 Rb2+ 50.Kg3 Bd5
51.Rc1+ Kd6 52.Rd1 Ke5 53.h4 Rxg2+ 54.Kh3 Rd2 55.Ra1  0-1

[Event "CECLUB Div1 Final Ascenso 2012"]
[Site "Don Benito ESP"]
[Date "2012.08.04"]
[Round "1.2"]
[White "Moskalenko,V1"]
[Black "Almagro Llamas,P"]
[Result "1-0"]
[WhiteElo "2523"]
[BlackElo "2465"]

1.d4 Nf6 2.Bg5 d5 3.e3 Ne4 4.Bf4 e6 5.Bd3 b6 6.Bxe4 dxe4 7.Nc3 Bb4 8.Qg4 Bxc3+
9.bxc3 O-O 10.Be5 f6 11.Qxe4 Qd7 12.Bg3 Ba6 13.Ne2 Nc6 14.Nf4 Bc4 15.Nd3 Ne7
16.Nb2 Bd5 17.Qd3 Bxg2 18.Rg1 Bb7 19.e4 a5 20.f3 a4 21.a3 Ra5 22.c4 Ng6 23.O-O-O Qe7
24.Qc3 e5 25.d5 c6 26.Qb4 Qc7 27.dxc6 Bxc6 28.Bf2 b5 29.Rd6 Ra6 30.c5 Qf7
31.Nd3 Rc8 32.Kb2 Raa8 33.Qd2 Be8 34.Nb4 Rab8 35.h4 Nf4 36.Be3 Kh8 37.Bxf4 exf4
38.c6 Rb6 39.Qd4 Rbb8 40.Rd1 Qh5 41.Qf2 Qe5+ 42.Qd4 Qh5 43.Qf2 Qe5+ 44.Kb1 h6
45.R1d5 Qc3 46.Rd3 Qe5 47.Qd2 Bf7 48.Rd8+ Kh7 49.Rxc8 Rxc8 50.Rd8 Rxd8 51.Qxd8 Qc3
52.Qd3 Qc5 53.Qd7 Qc3 54.Qxf7 Qxa3 55.Nd3 Qc3 56.Qd5  1-0

[Event "16th HZ Open"]
[Site "Vlissingen NED"]
[Date "2012.08.04"]
[Round "1"]
[White "Mellegers,Maarten"]
[Black "Timmermans,M"]
[Result "0-1"]
[WhiteElo "1807"]
[BlackElo "2221"]

1.d4 Nf6 2.Bg5 d5 3.Bxf6 gxf6 4.Nf3 c5 5.c3 Nc6 6.e3 e5 7.Bb5 e4 8.Nfd2 Rg8
9.g3 Qb6 10.Qa4 a6 11.Bxc6+ bxc6 12.Qb3 Rb8 13.Qxb6 Rxb6 14.b3 h5 15.dxc5 Bxc5
16.b4 Bd6 17.Na3 a5 18.bxa5 Rb2 19.Nab1 Ba6 20.a4 Kd7 21.Kd1 Rgb8 22.h3 Bd3
23.Kc1 Bc7 24.a6 Bxa6 25.Na3 Bd3 26.Nab1 Ba5 27.h4 f5 28.Rg1 Rc2+ 29.Kd1 Rbb2
30.Ra3 c5 31.Rh1 d4 32.exd4 cxd4 33.Rb3 dxc3 34.Rxb2 Rxb2  0-1

[Event "38th Badalona Open A"]
[Site "Badalona ESP"]
[Date "2012.08.05"]
[Round "5.1"]
[White "Rojas Keim,L"]
[Black "Jimenez Fraga,P"]
[Result "0-1"]
[WhiteElo "2426"]
[BlackElo "2446"]

1.d4 Nf6 2.Bg5 c5 3.Bxf6 gxf6 4.d5 Qb6 5.Qc1 f5 6.g3 Bh6 7.e3 Bg7 8.c3 d6
9.Nd2 Nd7 10.Nc4 Qc7 11.a4 b6 12.Qc2 Nf6 13.Rd1 Bd7 14.Bh3 Qc8 15.Nf3 Qa6
16.Nfd2 Bxa4 17.b3 Bd7 18.Bxf5 b5 19.Bxd7+ Nxd7 20.Nb2 Nb6 21.Ne4 b4 22.c4 Qa2
23.Rb1 a5 24.Kd2 a4 25.Nxa4 Qxc2+ 26.Kxc2 Nxa4 27.bxa4 Rxa4 28.g4 Kd7 29.Rb3 Ra2+
30.Kd3 Rha8 31.Rd1 R2a3 32.Rb1 Rxb3+ 33.Rxb3 Ra1 34.h4 Rd1+ 35.Ke2 Rc1 36.Kd3 e6
37.dxe6+ fxe6 38.f4 Rg1 39.f5 Rxg4 40.f6 Bf8 41.Rb1 d5 42.Nd2 Rg6 43.Rf1 Ke8
44.e4 Rg3+ 45.Ke2 Rg2+ 46.Kd3 Bh6 47.Nf3 dxe4+ 48.Kxe4 Re2+ 49.Kd3 Re3+ 50.Kc2 Kf7
51.Ng5+ Bxg5 52.hxg5 Rg3 53.Rh1 Rxg5 54.Rxh7+ Kxf6 55.Rc7 Re5 56.Kd3 Kg5
57.Rg7+ Kf4 58.Rf7+ Rf5 59.Re7 e5 60.Re6 Kf3 61.Re7 Rf4 62.Rxe5 Rd4+ 63.Kc2 Rxc4+
64.Kb2 Kf4 65.Re8 Re4 66.Rc8 c4 67.Rb8 Re2+ 68.Kb1 Ke3 69.Rxb4 Kd3 70.Rb8 Re1+
71.Ka2 c3 72.Rd8+ Kc2 73.Rh8 Kc1 74.Rh2 c2 75.Kb3 Re3+ 76.Ka2 Kd1  0-1

[Event "16th HZ Open"]
[Site "Vlissingen NED"]
[Date "2012.08.05"]
[Round "2"]
[White "Duijker,R"]
[Black "Lambregts,Frank"]
[Result "1-0"]
[WhiteElo "2219"]
[BlackElo "1935"]

1.d4 d5 2.Bg5 Nf6 3.Bxf6 gxf6 4.c4 e5 5.Nc3 c6 6.e3 Be6 7.cxd5 cxd5 8.Nf3 e4
9.Nd2 f5 10.g3 h5 11.h4 Bd6 12.Be2 Nc6 13.Bxh5 Qb8 14.Rg1 Rg8 15.Qb3 f4 16.Ndxe4 Qd8
17.Qxb7 dxe4 18.Qxc6+ Ke7 19.Qxe4  1-0

[Event "Miguel Najdorf Open A"]
[Site "Warsaw POL"]
[Date "2012.08.06"]
[Round "1.26"]
[White "Tscharotschkin,M"]
[Black "Bursa,R"]
[Result "1/2-1/2"]
[WhiteElo "2204"]
[BlackElo "1980"]

1.d4 d5 2.Bg5 Nf6 3.Nd2 Nc6 4.Ngf3 Bf5 5.c3 h6 6.Bh4 e6 7.e3 Bd6 8.Bb5 O-O
9.O-O Nb8 10.Qe2 c6 11.Bd3 Nbd7 12.e4 dxe4 13.Bxe4 Bxe4 14.Nxe4 Be7 15.Nxf6+ Bxf6
16.Bg3 Re8 17.Rfe1 Qa5 18.Be5 c5 19.dxc5 Qxc5 20.Rad1 Nxe5 21.Nxe5 Bxe5 22.Qxe5 Qxe5
23.Rxe5 Red8 24.Rxd8+ Rxd8 25.Kf1 Rd2 26.Rb5 b6 27.a4 g6 28.Ke1 Rc2 29.h4 h5
30.g3 Kf8 31.Kf1 Ke8 32.Kg2 Kd8 33.Kf3 Kc7 34.Ke3 Kc6 35.Rb4 Kd6 36.Rd4+ Ke7
37.Rb4 e5 38.Rb5 Ke6 39.a5 bxa5 40.Rxa5 Rxb2 41.Rxa7 Rc2 42.Rc7 f5 43.Rc6+ Kf7
44.Rc5 Kf6 45.Rc6+ Kf7 46.Kf3 Kg7 47.Rc8 Kf6 48.Ke3 Ke6  1/2-1/2

[Event "16th HZ Open"]
[Site "Vlissingen NED"]
[Date "2012.08.07"]
[Round "5"]
[White "Mellegers,Maarten"]
[Black "Van Zutphen,J"]
[Result "0-1"]
[WhiteElo "1807"]
[BlackElo "2173"]

1.d4 d5 2.Bg5 Nf6 3.Bxf6 exf6 4.e3 Be6 5.Bd3 c6 6.Nf3 Nd7 7.Nc3 f5 8.Ne2 Bd6
9.c3 Nf6 10.Qc2 Ne4 11.Rf1 O-O 12.O-O-O b5 13.Nd2 a5 14.f3 Nxd2 15.Rxd2 g6
16.g4 fxg4 17.fxg4 Bxg4 18.Nf4 Qe7 19.Ng2 Rae8 20.Re1 Bf3 21.Rf2 Be4 22.Nf4 Qh4
23.Qd2 Bxd3 24.Nxd3 Re4 25.Rg2 Rfe8 26.Kb1 f5 27.Rge2 Qh6 28.Nf2 Rh4 29.h3 Bg3
30.c4 Bxf2 31.Rxf2 bxc4 32.Qxa5 Rxh3 33.Rfe2 Qh4 34.Qc7 Qe4+ 35.Kc1 Rh1 36.Qxc6 Rxe1+
37.Rxe1 f4 38.Qf6 Rf8 39.Qe5 Qxe5 40.dxe5 f3 41.e6 Rf6 42.Rf1 g5 43.Kd2 g4
44.Ke1 g3  0-1

[Event "38th Badalona Open A"]
[Site "Badalona ESP"]
[Date "2012.08.09"]
[Round "9.4"]
[White "Rojas Keim,L"]
[Black "Cordova,E"]
[Result "1/2-1/2"]
[WhiteElo "2426"]
[BlackElo "2572"]

1.d4 Nf6 2.Bg5 c5 3.Bxf6 gxf6 4.d5 Qb6 5.Qc1 f5 6.g3 d6 7.Nf3 Bg7 8.c3 Nd7
9.Bg2 Nf8 10.Nbd2 Ng6 11.O-O h5 12.h4 f4 13.a4 Qc7 14.Nc4 Bg4 15.e3 fxg3
16.fxg3 Bf6 17.e4 Rg8 18.Qe3 O-O-O 19.a5 Kb8 20.a6 b6 21.e5 Bxf3 22.exd6 exd6
23.Rxf3 Ne5 24.Nxe5 Bxe5 25.Raf1 f6 26.Bh3 c4 27.Be6 Rg6 28.Kg2 Qc5 29.Qe4 Rg7
30.Qf5 Rh8 31.Re1 Rh6 32.Ree3 b5 33.Qc2 Qb6 34.b3 Qxa6 35.bxc4 bxc4 36.Qf2 Qb6
37.Qa2 Rc7 38.Re2 Rc5 39.Rb2 Rb5 40.Rff2 a6 41.Bd7 Bxc3 42.Bxb5 axb5 43.Qxc4 Bxb2
44.Rxb2 bxc4 45.Rxb6+ Kc7 46.Rc6+ Kd7 47.Rxc4 Rh8 48.Ra4 Re8 49.Ra7+ Kd8
50.Ra6  1/2-1/2

[Event "FSIMB August 2012"]
[Site "Budapest HUN"]
[Date "2012.08.09"]
[Round "6.3"]
[White "Corke,A"]
[Black "Farago,S"]
[Result "1-0"]
[WhiteElo "2254"]
[BlackElo "2254"]

1.d4 Nf6 2.Bg5 c5 3.Bxf6 gxf6 4.d5 f5 5.c4 Bg7 6.Nc3 Qa5 7.Qd2 d6 8.e3 Nd7
9.Nge2 Nf6 10.Ng3 Ng4 11.Nh5 Be5 12.f4 Bxc3 13.bxc3 Rg8 14.Bd3 Bd7 15.O-O O-O-O
16.h3 Nh6 17.Rfb1 Rg6 18.Qb2 b6 19.Be2 Rdg8 20.Bf3 Qa4 21.Qb3 Kc7 22.Rb2 e6
23.Rd2 Qa5 24.Rc1 Ba4 25.Qa3 Qa6 26.Bd1 Bb5 27.Qxa6 Bxa6 28.Bb3 Re8 29.Kf2 e5
30.Rg1 f6 31.Ng3 Reg8 32.Ne2 R8g7 33.g3 Nf7  1-0

[Event "10th EU U14 2012"]
[Site "Mureck AUT"]
[Date "2012.08.09"]
[Round "9.3"]
[White "Petr,Ja2"]
[Black "Bilchinski,Anton"]
[Result "1-0"]
[WhiteElo "2001"]
[BlackElo "1869"]

1.d4 Nf6 2.Bg5 c5 3.d5 Qb6 4.Nc3 d6 5.e4 h6 6.Bd2 a6 7.f4 e6 8.Bc4 exd5 9.Nxd5 Nxd5
10.Bxd5 Nc6 11.Bc3 Qc7 12.Qf3 Be6 13.O-O-O O-O-O 14.Ne2 Kb8 15.a3 Rg8 16.f5 Bxd5
17.exd5 Ne5 18.Bxe5 dxe5 19.c4 Bd6 20.Qe4 f6 21.Nc3 Ka7 22.Rd3 Qd7 23.a4 b6
24.b3 g6 25.g4 gxf5 26.gxf5 Rg5 27.Rf1 Rdg8 28.h3 Qg7 29.Qe3 Rg2 30.Ne4 Be7
31.Rd2 h5 32.a5 Rb8 33.b4 Rxd2 34.Qxd2 cxb4 35.axb6+ Rxb6 36.d6 Bd8 37.c5 Rc6
38.Qxb4 Qg2 39.Rf2 Qxh3 40.Rb2 Qf1+ 41.Kc2 Qe2+ 42.Kb1 Qd3+ 43.Ka2 Qb5 44.Qxb5 axb5
45.Rxb5 h4 46.Rb1 Ba5 47.Kb3 Bb6 48.Kc4 Bxc5 49.Kd5 Rb6 50.Ra1+  1-0

[Event "TATA 14th IBCA Olympiad"]
[Site "Chennai IND"]
[Date "2012.08.11"]
[Round "2.3"]
[White "Daza,Fernando"]
[Black "Dobierzin,O"]
[Result "1/2-1/2"]
[WhiteElo "1871"]
[BlackElo "2060"]

1.d4 Nf6 2.Bg5 g6 3.Bxf6 exf6 4.e3 Bg7 5.c4 f5 6.g3 d6 7.Nc3 Nd7 8.Bg2 Nf6
9.Nge2 O-O 10.Qc2 c6 11.b4 Re8 12.O-O Qe7 13.a4 Ne4 14.Rab1 h5 15.h4 Bh6
16.Bf3 Be6 17.c5 Bc4 18.Rfe1 Nxf2 19.Nf4 Ne4 20.Nxe4 fxe4 21.Qxc4 d5 22.Qe2 exf3
23.Qxf3 Qe4 24.Qxe4 Rxe4 25.Kf2 Rae8 26.Re2 Kg7 27.b5 R8e7 28.a5 Bxf4 29.gxf4 R4e6
30.bxc6 Rxc6 31.Reb2 Rcc7 32.Rb4 Kf6 33.R1b3 Kf5 34.Kf3 f6 35.Ra4 Rc6 36.Ra2 g5
37.hxg5 fxg5 38.fxg5 Kxg5 39.Rg2+ Kf5 40.Rg8 Rf6 41.Rh8 Kg5+ 42.Kg3 Ref7
43.Rg8+ Kf5 44.Kh4 Rg6 45.Rxg6 Kxg6 46.Rb2 Re7 47.Rg2+ Kh6 48.Rg3 Re4+ 49.Kh3 Re6
50.Rf3 Kg6 51.Kg3 Ra6 52.Rf8 Rxa5 53.Rd8 Rb5 54.Rd6+ Kf5 55.Rxd5+ Ke4 56.Re5+ Kd3
57.Kf3 a5 58.Rxh5 b6 59.Re5 bxc5 60.Rxc5 Rb8 61.d5 Rf8+ 62.Kg4 Kxe3 63.Rxa5 Ke4
64.d6 Rd8  1/2-1/2

[Event "16th Izmailov Mem"]
[Site "Tomsk RUS"]
[Date "2012.08.11"]
[Round "5.30"]
[White "Belogortsev,V"]
[Black "Makarenko,Zakhar"]
[Result "0-1"]
[WhiteElo "1974"]
[BlackElo "1844"]

1.d4 Nf6 2.Bg5 g6 3.c4 Bg7 4.Nc3 O-O 5.e4 d6 6.Qd2 Nbd7 7.f4 e5 8.dxe5 dxe5
9.O-O-O Qe8 10.Nf3 c6 11.Qd6 exf4 12.Re1 Qe6 13.Bxf4 Re8 14.Bd3 Ng4 15.Re2 Bh6
16.Kb1 Bxf4 17.Qxf4 Nde5 18.Bc2 Qf6 19.Qxf6 Nxf6 20.b3 Bg4 21.Rf1 Nh5 22.Rd2 Bxf3
23.gxf3 Nf4 24.Ne2 Nxe2 25.Rxe2 Rad8 26.f4 Nd7 27.e5 f6 28.Rd1 fxe5 29.fxe5 Nc5
30.b4 Rxd1+ 31.Bxd1 Nd3 32.Bb3 Nxe5 33.c5+ Kg7 34.Kc2 g5 35.Kc3 Re7 36.a4 Ng6
37.Rxe7+ Nxe7 38.Kd4 Kf6 39.b5 h5 40.Bc4 Kf5 41.b6 axb6 42.cxb6 Nc8 43.Kc5 Ke5
44.Bf7 h4 45.Bh5 Nd6 46.a5 Ne4+ 47.Kb4 Kd6 48.Bf3 Nc5 49.Kc4 Nd7 50.Kd4 Ne5
51.Bg2 c5+ 52.Ke4 Nc4 53.a6 bxa6 54.b7 Kc7 55.Kd5 Ne3+  0-1

[Event "Stare Mesto Open 2012"]
[Site "Stare Mesto CZE"]
[Date "2012.08.12"]
[Round "4.1"]
[White "Neuman,P"]
[Black "Kislinsky,A"]
[Result "0-1"]
[WhiteElo "2476"]
[BlackElo "2551"]

1.d4 Nf6 2.Bg5 c5 3.Bxf6 gxf6 4.d5 Qb6 5.Qc1 f5 6.c4 Qf6 7.e3 Na6 8.Nc3 Nc7
9.Bd3 Rg8 10.g3 b5 11.cxb5 Bb7 12.Bc4 Rg4 13.f4 Bg7 14.Qd2 Kf8 15.Rd1 Qh6
16.Kf2 Ne8 17.Be2 Rg6 18.Nf3 Bxc3 19.Qxc3 Nf6 20.Kg2 Nxd5 21.Qxc5 Rc8 22.Qd4 Rc2
23.Rhe1 Qh5 24.Rd2 e5 25.fxe5 Rg4 26.Qd3 Rxd2 27.Qxd2 f4 28.exf4 Nxf4+ 29.Kf2 Bxf3
30.Bxf3 Qxh2+ 31.Ke3 Qxg3 32.Qf2 Ng2+ 33.Ke2 Qxe5+ 34.Kf1 Nxe1 35.Bxg4 Nd3
36.Qxa7 Qf4+ 37.Ke2 Ne5 38.Bxd7 Qf3+ 39.Ke1 Qe4+ 40.Kd2 Qd3+ 41.Kc1 Nxd7
42.a4 h5 43.Qc7 Qe3+ 44.Kb1 Nc5 45.b6 Qd3+ 46.Ka2 Qb3+  0-1

[Event "FSIMB August 2012"]
[Site "Budapest HUN"]
[Date "2012.08.13"]
[Round "10.1"]
[White "Corke,A"]
[Black "Kahn,E"]
[Result "1-0"]
[WhiteElo "2254"]
[BlackElo "2261"]

1.d4 Nf6 2.Bg5 c5 3.d5 Qb6 4.Nc3 Qxb2 5.Bd2 Qb6 6.e4 d6 7.Rb1 Qc7 8.f4 g6
9.Nf3 Bg4 10.Bc4 Nbd7 11.h3 Bxf3 12.Qxf3 Rb8 13.O-O a6 14.a4 Bg7 15.Ne2 O-O
16.g4 h6 17.Ng3 Nh7 18.Kg2 Bf6 19.Rh1 Bh4 20.Bc3 Bf6 21.Bd2 Bh4 22.Rhg1 Kh8
23.Kh1 Bf6 24.Ne2 g5 25.Bc3 Bxc3 26.Qxc3+ f6 27.a5 Rg8 28.Rb3 gxf4 29.Nxf4 Ng5
30.h4 Nxe4 31.Qe3 Ng5 32.hxg5 hxg5 33.Ne6  1-0

[Event "28th Geraardsbergen Open"]
[Site "Geraardsbergen BEL"]
[Date "2012.08.13"]
[Round "6.18"]
[White "Karstens,Lex"]
[Black "Verlinden,R"]
[Result "0-1"]
[WhiteElo "1853"]
[BlackElo "2044"]

1.d4 Nf6 2.Bg5 c5 3.d5 Ne4 4.Bf4 Qb6 5.Nd2 f5 6.Rb1 g6 7.Be5 Nf6 8.e4 fxe4
9.Nxe4 Bg7 10.Nxf6+ exf6 11.Bc3 d6 12.Nf3 Nd7 13.Qd2 a5 14.a4 O-O 15.Be2 Ne5
16.O-O Bd7 17.Nxe5 fxe5 18.b3 Rf7 19.Bc4 Qd8 20.Qe3 Qh4 21.Bd2 b6 22.Qg5 Qxg5
23.Bxg5 Bf5 24.Rbc1 h6 25.Be3 g5 26.Be2 g4 27.Bc4 Kh7 28.Be2 Kg6 29.Bc4 Raf8
30.Be2 h5 31.Bc4 Bh6 32.Bxh6 Kxh6 33.Be2 Kg5 34.c4 Bg6 35.Rc3 Rf4 36.Rcc1 Rd4
37.Rfd1 Rff4 38.Rxd4 Rxd4 39.Kf1 Rd2 40.Ke1 Rb2 41.Bd1 Bd3 42.Rc3 e4 43.h3 g3
44.f3 Rxg2 45.fxe4 Rg1+ 46.Kd2 Rxd1+ 47.Kxd1 g2  0-1

[Event "Miguel Najdorf Open A"]
[Site "Warsaw POL"]
[Date "2012.08.13"]
[Round "8.5"]
[White "Nguyen,P"]
[Black "Nasuta,G"]
[Result "1-0"]
[WhiteElo "2388"]
[BlackElo "2275"]

1.d4 Nf6 2.Bg5 d5 3.e3 g6 4.Bxf6 exf6 5.Ne2 Bd6 6.g3 c6 7.Bg2 h5 8.h4 Bg4
9.b3 Nd7 10.c4 dxc4 11.bxc4 Qa5+ 12.Nd2 Bb4 13.a3 Be7 14.Qb3 Bxe2 15.Kxe2 Qc7
16.Rab1 b6 17.e4 O-O 18.f4 Rfe8 19.Qf3 Qd6 20.Rb3 Rad8 21.Rd3 Bf8 22.Rd1 Bh6
23.Nf1 Qb8 24.Ne3 Re7 25.e5 Rde8 26.g4 Bxf4 27.Qxf4 fxe5 28.dxe5 Nxe5 29.Rc3 hxg4
30.Kf1 Re6 31.Nxg4 Nxg4 32.Qxg4 Qe5 33.Rcd3 Rf6+ 34.Kg1 Rf4 35.Qg5 Rxc4 36.Rd8 Kg7
37.R8d7 Qe3+ 38.Qxe3 Rxe3 39.Rxa7 Rxh4 40.Rf1 Kh6 41.Rfxf7 Rc4 42.Ra6 Rb3
43.Rf3 Rcc3 44.Rxc3 Rxc3 45.a4 Rc4 46.Kf2 Rc2+ 47.Kg3 Rc4 48.Kf3 b5 49.a5 Ra4
50.Ke3 Ra3+ 51.Kd4 b4  1-0

[Event "Miguel Najdorf Open A"]
[Site "Warsaw POL"]
[Date "2012.08.14"]
[Round "9.15"]
[White "Sielicki,T"]
[Black "Nowicki,B"]
[Result "0-1"]
[WhiteElo "1982"]
[BlackElo "2158"]

1.d4 Nf6 2.Bg5 c5 3.Bxf6 gxf6 4.d5 Qb6 5.Qc1 f5 6.c4 Bg7 7.Nc3 d6 8.e3 Nd7
9.Nge2 Nf6 10.Nf4 Ne4 11.Bd3 Qxb2 12.Qxb2 Bxc3+ 13.Qxc3 Nxc3 14.a4 Ne4 15.Nh5 Rg8
16.Ng3 Nf6 17.O-O e6 18.Rfd1 Ke7 19.a5 h5 20.Bc2 Rg4 21.Bd3 h4 22.Ne2 exd5
23.cxd5 Nxd5 24.Bxf5 Bxf5 25.Rxd5 Be4 26.Rh5 Rxg2+ 27.Kf1 Rxh2 28.Ra4 Rh1+
29.Ng1 d5 30.Rxe4+ dxe4 31.Kg2 Rxg1+ 32.Kxg1 Rc8 33.Rxh4 b5 34.axb6 axb6
35.Rxe4+ Kd6 36.Kf1 Kc6 37.Ke2 Rd8 38.Re7 Rd7 39.Re8 b5 40.e4 b4 41.e5 b3
42.e6 fxe6 43.Rxe6+ Kb5 44.Re8 Kc4 45.f4 b2 46.Rb8 Kc3 47.Rb5  0-1

[Event "11th Lichtenberger Sommer 2012"]
[Site "Berlin GER"]
[Date "2012.08.19"]
[Round "2.9"]
[White "Bruchmann,S"]
[Black "Penner,M"]
[Result "1-0"]
[WhiteElo "2315"]
[BlackElo "1998"]

1.d4 Nf6 2.Bg5 g6 3.Nc3 d5 4.Qd2 Nbd7 5.O-O-O h6 6.Bf4 c6 7.f3 Nh5 8.Be3 e5
9.g4 Nhf6 10.dxe5 Nxe5 11.Bd4 Nc4 12.Qf4 Be7 13.Kb1 Qd6 14.Qxd6 Nxd6 15.e4 dxe4
16.Bxf6 Bxf6 17.Rxd6 Bxc3 18.bxc3 exf3 19.Nxf3 Bxg4 20.Ne5 Bf5 21.Bd3 Bxd3
22.cxd3 Ke7 23.Rd4 Rad8 24.Rf4  1-0

[Event "ZMDI Open A 2012"]
[Site "Dresden GER"]
[Date "2012.08.19"]
[Round "2"]
[White "Kammers,H"]
[Black "Pfeffer,R"]
[Result "0-1"]
[WhiteElo "2145"]
[BlackElo "2244"]

1.d4 Nf6 2.Bg5 d5 3.Bxf6 exf6 4.e3 Bd6 5.c4 dxc4 6.Bxc4 O-O 7.Nf3 f5 8.O-O Nd7
9.Nc3 Nf6 10.Qc2 c6 11.a3 Qe7 12.Bd3 g6 13.b4 a5 14.bxa5 Bxa3 15.a6 bxa6
16.Ne5 c5 17.Nc6 Qc7 18.d5 Bb4 19.Nb5 Qd7 20.Nxb4 cxb4 21.Qc6 Qxd5 22.Qxf6 Bb7
23.e4 Qxd3 24.Nc7 Qxe4 25.f3 Qe3+ 26.Kh1 Rac8 27.Nxa6 Rc6  0-1

[Event "e2e4 Gatwick Masters B 2012"]
[Site "Crawley ENG"]
[Date "2012.08.21"]
[Round "7.5"]
[White "Klaric,Zl"]
[Black "Poobalasingam,P"]
[Result "1-0"]
[WhiteElo "2427"]
[BlackElo "2263"]

1.d4 Nf6 2.Bg5 d5 3.e3 Nbd7 4.Nf3 g6 5.Ne5 Bg7 6.Nxd7 Bxd7 7.Nd2 O-O 8.Bd3 c5
9.c3 Qb6 10.Rb1 Bb5 11.Bxb5 Qxb5 12.Bxf6 Bxf6 13.Qe2 Qa4 14.a3 e5 15.dxe5 Bxe5
16.Nf3 Bf6 17.O-O Rfd8 18.Rbd1 Rd7 19.Rd2 Rad8 20.Rfd1 Kg7 21.g3 g5 22.h3 h5
23.Qd3 g4 24.Nh2 gxh3 25.Qf5 d4 26.cxd4 Rd5 27.Qxh3 cxd4 28.e4 Rb5 29.Nf3 Rxb2
30.e5 Be7 31.Qxh5 Rxd2 32.Rxd2 Qc6 33.Nxd4 Qc1+ 34.Rd1 Qg5 35.Nf5+ Kg8 36.Rxd8+ Bxd8
37.Qf3 Bb6 38.Kg2 Bc5 39.a4 Bf8 40.Qe4 Qg6 41.Kf3 a6 42.Nd4 Qh5+ 43.Kg2 Qd1
44.e6 Qxa4 45.Qg4+ Kh7 46.Qh5+ Bh6 47.Qxf7+  1-0

[Event "12th World Uni Women"]
[Site "Guimaraes POR"]
[Date "2012.08.21"]
[Round "4.2"]
[White "Kadziolka,B"]
[Black "Zhang Xiaowen"]
[Result "0-1"]
[WhiteElo "2311"]
[BlackElo "2376"]

1.d4 Nf6 2.Bg5 c5 3.Bxf6 gxf6 4.d5 Qb6 5.Qc1 f5 6.c4 Bg7 7.Nc3 d6 8.e3 Nd7
9.Qc2 Nf6 10.Bd3 e6 11.Nge2 Bd7 12.Rb1 Rg8 13.a3 a5 14.O-O Ng4 15.h3 Ne5
16.Nf4 Nxd3 17.Nxd3 Qd8 18.Kh1 Qh4 19.Nb5 Ke7 20.b4 cxb4 21.axb4 Rgc8 22.bxa5 Qxc4
23.Qxc4 Rxc4 24.dxe6 fxe6 25.Rfd1 d5 26.Na3 Ra4 27.Nc5 Rxa3 28.Nxd7 Ra7 29.Nb6 Kd8
30.Nxd5 exd5 31.Rxd5+ Ke8 32.Rxf5 Ra1 33.Rxa1 Bxa1 34.Rh5 Bc3 35.Rxh7 Bxa5
36.g4 Bd8 37.h4 Be7 38.g5 b5 39.g6 b4 40.h5 b3 41.g7 Kf7 42.Rh8 Kxg7 43.Rb8 Ra1+
44.Kg2 Rb1 45.Rb7 Kf8 46.Rb8+ Kf7 47.Rb7 b2 48.e4 Kf8 49.Rb8+ Kg7 50.Rb7 Kh6
51.Rxe7 Ra1  0-1

[Event "12th World Uni Men"]
[Site "Guimaraes POR"]
[Date "2012.08.22"]
[Round "5.13"]
[White "Rojas Alarcon,J"]
[Black "Salazar Loor,R"]
[Result "1/2-1/2"]
[WhiteElo "2344"]
[BlackElo "2021"]

1.d4 Nf6 2.Bg5 c5 3.d5 Ne4 4.Bf4 Qb6 5.Nc3 Nxc3 6.bxc3 d6 7.e4 Qa5 8.Bd2 g6
9.a4 Bg7 10.Bb5+ Bd7 11.c4 Qc7 12.Ra3 a6 13.Bxd7+ Nxd7 14.Nf3 O-O 15.O-O b5
16.axb5 axb5 17.Rxa8 Rxa8 18.cxb5 c4 19.Bg5 Nc5 20.Qe2 Na4 21.Qe3 Nc3 22.b6 Qb7
23.Nd2 Ra4 24.Qh3 Rb4 25.Qh4 Ne2+ 26.Kh1 c3 27.Nb3 Rxb6 28.Bxe7 Qa6 29.Re1 Rxb3
30.cxb3 c2 31.Bg5 Bc3 32.Bh6 Qa8 33.Rf1 Bb2 34.Qe7 c1=Q 35.Bxc1 Nxc1 36.Qxd6 Nd3
37.f4 Nf2+ 38.Kg1 Bd4 39.Qc6 Nh3+ 40.Kh1 Nf2+ 41.Kg1 Nh3+ 42.Kh1 Nf2+ 43.Kg1 Nh3+  1/2-1/2

[Event "ZMDI Open A 2012"]
[Site "Dresden GER"]
[Date "2012.08.23"]
[Round "6"]
[White "Hertneck,G"]
[Black "Ganguly,S"]
[Result "1-0"]
[WhiteElo "2521"]
[BlackElo "2629"]

1.d4 Nf6 2.Bg5 d5 3.e3 c6 4.Bd3 h6 5.Bh4 Qb6 6.b3 Nbd7 7.Nf3 g5 8.Bg3 Nh5
9.Be5 Nxe5 10.Nxe5 Nf6 11.O-O Nd7 12.f4 gxf4 13.Nxf7 Kxf7 14.Qh5+ Ke6 15.c4 Rg8
16.Qf5+ Kd6 17.Qxf4+ e5 18.c5+ Nxc5 19.Qxe5+ Kd7 20.Rf7+ Kd8 21.Qf6+ Ke8
22.Bg6  1-0

[Event "12th World Uni Men"]
[Site "Guimaraes POR"]
[Date "2012.08.23"]
[Round "7.13"]
[White "Rojas Alarcon,J"]
[Black "Shinoda,Taro"]
[Result "1-0"]
[WhiteElo "2344"]
[BlackElo "1918"]

1.d4 Nf6 2.Bg5 d5 3.e3 Nbd7 4.Nd2 g6 5.f4 Bg7 6.Bd3 c5 7.c3 Qb6 8.Rc1 Nf8
9.Ngf3 Bf5 10.Qa4+ N8d7 11.Bxf5 gxf5 12.Ne5 Rd8 13.Nb3 Ne4 14.Bh4 f6 15.Nxd7 Rxd7
16.Nxc5 Nxc5 17.dxc5 Qxc5 18.Bf2 b5 19.Qc2 e6 20.e4 Qc4 21.exf5 exf5 22.Bd4 Re7+
23.Kf2 O-O 24.Qxf5 Qxa2 25.Bc5 Re4 26.Bxf8 Bxf8 27.Rhd1 Bc5+ 28.Kg3 Bd6 29.Qxd5+ Qxd5
30.Rxd5 Bxf4+ 31.Kf3 Re5 32.Rd8+  1-0